000 00499nam a2200181Ia 4500
008 230917s9999||||xx |||||||||||||| ||und||
020 _cRS 999.00
040 _e5002073
_aMAIN
041 _aEnglish
082 _a620.11 C134M(2)
100 _aCallister, William D
245 0 _aCallister's materials science and engineering
250 _a2nd ed.
260 _aNew Delhi
_bWiley India
_c2019
300 _axxv, 117 p.
500 _a4508 27/01/2022 HBD22/9301 04/03/2022 Main Budget
942 _cBK
999 _c5287
_d5287